000
00283nam a22001337a 4500
008
170714b xxu||||| |||| 00| 0 eng d
020
_a
9780683181456
041
_a
eng
080
_2
2ND
_a
038
100
_a
24
101
_a
FJA
245
_a
GI&GU WORDS
_c
STEDMAN
942
_2
udc
_c
BK
999
_c
20977
_d
20977